Age of Empires II - All Civs, Techs and Units - Statistics

General Stats
  • This quiz has been taken 171 times
  • The average score is 167 of 431
Answer Stats
Category Answer Hint % Correct
Archery Range Archer Unit
83%
Civilization Britons
83%
Civilization Aztecs
81%
Stable Knight Unit
81%
Civilization Celts
79%
Building Barracks
77%
Archery Range Crossbowman Unit
77%
Civilization Franks
77%
Civilization Chinese
75%
Stable Paladin Unit
75%
Civilization Spanish
75%
Building Stable
75%
Building Castle
74%
Monestary Monk Unit
74%
Dock Galleon Unit
74%
Civilization Italians
74%
Baracks Pikeman Unit
74%
Civilization Portuguese
74%
Civilization Incas
72%
Castle Trebuchet Unit
72%
Civilization Vikings
72%
Town Center Villager Unit
72%
Unique Unit Elite Longbowman
70%
Stable Hussar Unit
70%
Building Mill
70%
Building Siege Workshop
70%
Civilization Turks
70%
Siege Workshop Battering Ram Unit
68%
Archery Range Cavalry Archer Unit
68%
Baracks Champion Unit
68%
Building Dock
68%
Civilization Goths
68%
Archery Range Heavy Cavalry Archer Unit
68%
Civilization Japanese
68%
Civilization Mayans
68%
Civilization Mongols
68%
Archery Range Skirmisher Unit
68%
Civilization Vietnamese
68%
Building Archery Range
66%
Baracks Eagle Warrior Unit
66%
Baracks Elite Eagle Warrior Unit
66%
Unique Unit Elite Jaguar Warrior
66%
Archery Range Elite Skirmisher Unit
66%
Dock Galley Unit
66%
Unique Unit Jaguar Warrior
66%
Unique Unit Longbowman
66%
Archery Range Arbalester Unit
64%
Civilization Berbers
64%
Building Blacksmith
64%
Stable Camel Rider Unit
64%
Stable Cavalier Unit
64%
Stable Heavy Camel Rider Unit
64%
Civilization Koreans
64%
Stable Light Cavalry Unit
64%
Baracks Man-at-Arms Unit
64%
Baracks Spearman Unit
64%
Civilization Teutons
64%
Building Town Center
64%
Civilization Bohemians
62%
Civilization Bulgarians
62%
Unique Unit Elite Samurai
62%
Civilization Ethiopians
62%
Dock Fishing Ship Unit
62%
Baracks Militia Unit
62%
Monestary Missionary Unique Unit
62%
Building Monastery
62%
Unique Unit Samurai
62%
Dock Fire Ship Unit
60%
Baracks Long Swordsman Unit
60%
Building Lumber Camp
60%
Civilization Malians
60%
Civilization Persians
60%
Civilization Romans
60%
Civilization Saracens
60%
Siege Workshop Siege Ram Unit
60%
Dock Turtle Ship Unique Unit
60%
Building University
60%
Civilization Armenians
58%
Civilization Byzantines
58%
Unique Unit Chu Ko Nu
58%
Unique Unit Elite Chu Ko Nu
58%
Unique Unit Elite War Elephant
58%
Civilization Huns
58%
Building | Univerity Keep Technology
58%
Building Market
58%
Building Mining Camp
58%
Castle Petard Unit
58%
Siege Workshop Scorpion Unit
58%
Stable Scout Cavalry Unit
58%
Civilization Sicilians
58%
Dock Transport Ship Unit
58%
Unique Unit War Elephant
58%
Civilization Burgundians
57%
Civilization Burmese
57%
Civilization Poles
57%
Baracks Two-Handed-Swordsman Unit
57%
Univerity Chemistry Technology
55%
Unique Unit Conquistador
55%
Unique Unit Elite Conquistador
55%
Unique Unit Elite Mangudai
55%
Unique Unit Elite Teutonic Knight
55%
Baracks Halberdier Unit
55%
Archery Range Hand Cannoneer Unit
55%
Siege Workshop Mangonel Unit
55%
Unique Unit Mangudai
55%
Siege Workshop Onager Unit
55%
Archery Range Slinger Unique Unit
55%
Unique Unit Teutonic Knight
55%
Unique Unit Berserk
53%
Building | Univerity Bombard Tower Technology
53%
Mill Crop Rotation Technology
53%
Civilization Dravidians
53%
Unique Unit Elite Berserk
53%
Building Farm
53%
Building House
53%
Civilization Khmer
53%
Civilization Magyars
53%
Civilization Malay
53%
Civilization Slavs
53%
Building Stone Wall
53%
Stable Winged Hussar Unique Unit
53%
Civilization Cumans
51%
Stable Husbandry Technology
51%
Civilization Lithuanians
51%
Dock Longboat Unique Unit
51%
Building Watch Tower
51%
Univerity Ballistics Technology
49%
Siege Workshop Capped Ram Unit
49%
Unique Unit Cataphract
49%
Archery Range Elephant Archer Unit
49%
Unique Unit Elite Cataphract
49%
Archery Range Elite Elephant Archer Unit
49%
Siege Workshop Heavy Scorpion Unit
49%
Siege Workshop Siege Onager Unit
49%
Siege Workshop Siege Tower Unit
49%
Town Center Wheelbarrow Technology
49%
Building Wonder
49%
Siege Workshop Bombard Cannon Unit
47%
Dock Demolition Ship Unit
47%
Unique Unit Elite Huskarl
47%
Unique Unit Elite Janissary
47%
Unique Unit Elite Throwing Axeman
47%
Unique Unit Elite Woad Raider
47%
Unique Unit Huskarl
47%
Town Center Imperial Age Technology
47%
Archery Range Imperial Skirmisher Unique Unit
47%
Unique Unit Janissary
47%
Unique Unit Throwing Axeman
47%
Unique Unit Woad Raider
47%
Civilization Bengalis
45%
Stable Bloodlines Technology
45%
Dock Cannon Galleon Unit
45%
Town Center Castle Age Technology
45%
Blacksmith Chain Mail Armor Technology
45%
Dock Elite Cannon Galleon Unit
45%
Unique Unit Elite Mameluke
45%
Stable Elite Steppe Lancer Unit
45%
Dock Fast Fire Ship Unit
45%
Town Center Feudal Age Technology
45%
Mining Camp Gold Mining Technology
45%
Building | Univerity Guard Tower Technology
45%
Town Center Handcart Technology
45%
Town Center Loom Technology
45%
Unique Unit Mameluke
45%
Univerity Masonry Technology
45%
Archery Range Parthian Tactics Technology
45%
Siege Workshop Siege Elephant Unit
45%
Stable Steppe Lancer Unit
45%
Mining Camp Stone Mining Technology
45%
Civilization Tatars
45%
Archery Range Thumb Ring Technology
45%
Lumber Camp Double Bit Axe Technology
43%
Building | Univerity Fortified Wall Technology
43%
Building Gate
43%
Dock Heavy Demolition Ship Unit
43%
Building Outpost
43%
Building Palisade Wall
43%
Castle Spies Technology
43%
Town Center Town Watch Technology
43%
Market Trade Cart Technology
43%
Lumber Camp Two-Man-Saw Technology
43%
Dock War Galley Unit
43%
Baracks Arson Technology
42%
Lumber Camp Bow Saw Technology
42%
Unique Unit Boyar
42%
Market Caravan Unit
42%
Unique Unit Elite Boyar
42%
Unique Unit Elite War Wagon
42%
Monestary Fervor Technology
42%
Blacksmith Fletching Technology
42%
Civilization Georgians
42%
Monestary Heresy Technology
42%
Stable Imperial Camel Rider Unique Unit
42%
Univerity Murder Holes Technology
42%
Town Center Town Patrol Technology
42%
Univerity Architecture Technology
40%
Stable Battle Elephant Unit
40%
Blacksmith Bodkin Arrow Technology
40%
Unique Unit Camel Archer
40%
Dock Caravel Unique Unit
40%
Stable Elite Battle Elephant Unit
40%
Unique Unit Elite Camel Archer
40%
Dock Elite Caravel Unique Unit
40%
Unique Unit Elite Genoese Crossbowman
40%
Unique Unit Elite Tarkan
40%
Unique Unit Genoese Crossbowman
40%
Mining Camp Gold Shaft Mining Technology
40%
Civilization Gurjaras
40%
Monestary Herbal Medicine Technology
40%
Mill Horse Collar Technology
40%
Unique Building Krepost
40%
Mining Camp Stone Shaft Mining Technology
40%
Unique Unit Tarkan
40%
Unique Unit War Wagon
40%
Unique Unit Arambai
38%
Blacksmith Blast Furnace Technology
38%
Stable Camel Scout Unique Unit
38%
Market Coinage Technology
38%
Baracks Eagle Scout Unit
38%
Unique Unit Elite Arambai
38%
Monestary Faith Technology
38%
Dock Fire Galley Unit
38%
Baracks Legionary Unique Unit
38%
Blacksmith Plate Mail Armor Technology
38%
Monestary Sanctity Technology
38%
Stable Savar Unique Unit
38%
Dock Trade Cog Unit
38%
Unique Unit Ballista Elephant
36%
Market Banking Technology
36%
Unique Building Caravanserai
36%
Castle Conscription Technology
36%
Unique Unit Elite Ballista Elephant
36%
Archery Range Elite Genitour Unique Unit
36%
Unique Unit Elite Kipchak
36%
Unique Unit Elite Organ Gun
36%
Archery Range Genitour Unique Unit
36%
Unique Unit Kipchak
36%
Unique Unit Organ Gun
36%
Baracks Squires Technology
36%
Monestary Block Printing Technology
34%
Blacksmith Bracer Technology
34%
Baracks Condottiero Unique Unit
34%
Dock Dry Dock Technology
34%
Unique Unit Elite Karambit Warrior
34%
Unique Unit Elite Leitis
34%
Unique Unit Elite Plumed Archer
34%
Dock Gillnets Technology
34%
Univerity Heated Shot Technology
34%
Mill Heavy Plow Technology
34%
Unique Unit Karambit Warrior
34%
Unique Unit Leitis
34%
Building Palisade Gate
34%
Unique Unit Plumed Archer
34%
Blacksmith Scale Mail Armor Technology
34%
Baracks Supplies Technology
34%
Unique Unit Composite Bowman
32%
Dock Dromon Unit
32%
Unique Unit Elite Composite Bowman
32%
Unique Unit Elite Gbeto
32%
Unique Unit Elite Magyar Huszar
32%
Unique Unit Elite Ratha
32%
Baracks Flemish Militia Unique Unit
32%
Blacksmith Forging Technology
32%
Baracks Gambesons Technology
32%
Unique Unit Gbeto
32%
Castle Hoardings Technology
32%
Siege Workshop Houfnice Unit
32%
Unique Unit Magyar Huszar
32%
Dock Shipwright Technology
32%
Siege Workshop Armored Elephant Unit
30%
Blacksmith Chain Barding Armor Technology
30%
Dock Demolition Raft Unit
30%
Unique Building Donjon
30%
Unique Unit Elite Kamayuk
30%
Dock Elite Longboat Unique Unit
30%
Unique Unit Elite Obuch
30%
Unique Unit Elite Rattan Archer
30%
Unique Unit Elite Serjeant
30%
Dock Elite Turtle Ship Unique Unit
30%
Unique Unit Kamayuk
30%
Blacksmith Leather Archer Armor Technology
30%
Unique Unit Obuch
30%
Blacksmith Plate Barding Armor Technology
30%
Unique Unit Ratha
30%
Unique Unit Rattan Archer
30%
Blacksmith Scale Barding Armor Technology
30%
Unique Unit Serjeant
30%
Monestary Warrior Priest Unique Unit
30%
Unique Unit Centurion
28%
Unique Unit Elite Centurion
28%
Unique Unit Elite Keshik
28%
Unique Unit Elite Konnik
28%
Unique Unit Elite Shotel Warrior
28%
Unique Building Feitoria
28%
Unique Building Folwark
28%
Monestary Illumination Technology
28%
Unique Unit Keshik
28%
Unique Unit Konnik
28%
Unique Unit Shotel Warrior
28%
Monestary Theocracy Technology
28%
Univerity Treadmill Crane Technology
28%
Castle Age Unique Tech Anarchy
26%
Monestary Atonement Technology
26%
Dock Careening Technology
26%
Unique Unit Chakram Thrower
26%
Monestary Devotion Technology
26%
Unique Unit Elite Chakram Thrower
26%
Blacksmith Iron Casting Technology
26%
Blacksmith Ring Archer Armor Technology
26%
Stable Shrivamsha Rider Unique Unit
26%
Castle Treason Technology
26%
Castle Age Unique Tech Atlatl
25%
Unique Unit Coustillier
25%
Unique Unit Elite Coustillier
25%
Unique Unit Elite Urumi Swordsman
25%
Imperial Unique Tech Garland Wars
25%
Unique Building Harbor
25%
Castle Sappers Technology
25%
Dock Thirisadai Unique Unit
25%
Unique Unit Urumi Swordsman
25%
Stable Xolotl Warrior Regional Unit
25%
Univerity Arrowslits Technology
23%
Imperial Unique Tech Artillery
23%
Imperial Unique Tech Drill
23%
Siege Workshop Flaming Camel Unit
23%
Imperial Unique Tech Furor Celtica
23%
Imperial Unique Tech Kataparuto
23%
Imperial Unique Tech Logistica
23%
Blacksmith Padded Archer Armor Technology
23%
Imperial Unique Tech Paper Money
23%
Monestary Redemtion Technology
23%
Imperial Unique Tech Warwolf
23%
Castle Age Unique Tech Yeomen
23%
Imperial Unique Tech Atheism
21%
Castle Age Unique Tech Bearded Axe
21%
Imperial Unique Tech Crenellations
21%
Unique Unit Elite Monaspa
21%
Castle Age Unique Tech Kasbah
21%
Unique Unit Monaspa
21%
Unique Building Mulecart
21%
Castle Age Unique Tech Nomads
21%
Univerity Siege Engineers Technology
21%
Unique Unit Elite Ghulam
19%
Stable Elite Shrivamsha Rider Unique Unit
19%
Unique Unit Ghulam
19%
Market Guilds Technology
19%
Imperial Unique Tech Hussite Reforms
19%
Imperial Unique Tech Rocketry
19%
Imperial Unique Tech Torsion Engines
19%
Imperial Unique Tech Arquebus
17%
Castle Age Unique Tech Burgundian Vineyards
17%
Castle Age Unique Tech Chieftains
17%
Imperial Unique Tech Chivalry
17%
Imperial Unique Tech El Dorado
17%
Imperial Unique Tech Farimba
17%
Imperial Unique Tech Flemish Revolution
17%
Castle Age Unique Tech Ironclad
17%
Imperial Unique Tech Perfusion
17%
Imperial Unique Tech Supremacy
17%
Unique Unit Dismounted Konnik
15%
Unique Unit Elite Dismounted Konnik
15%
Imperial Unique Tech Fabric Shields
15%
Building Fish Trap
15%
Castle Age Unique Tech Greek Fire
15%
Castle Age Unique Tech Pavise
15%
Castle Age Unique Tech Royal Heirs
15%
Castle Age Unique Tech Stronghold
15%
Castle Age Unique Tech Yasama
15%
Imperial Unique Tech Bagains
13%
Castle Age Unique Tech Ballistas
13%
Imperial Unique Tech Counterweights
13%
Unique Building Fortified Church
13%
Civilization Hindustanies
13%
Imperial Unique Tech Maghrebi Camels
13%
Imperial Unique Tech Timurid Siegecraft
13%
Imperial Unique Tech Wootz Steel
13%
Imperial Unique Tech Citadels
11%
Castle Age Unique Tech Great Wall
11%
Castle Age Unique Tech Hill Forts
11%
Castle Age Unique Tech Inquisition
11%
Castle Age Unique Tech Manipur Cavalry
11%
Castle Age Unique Tech Wagenburg Tactics
11%
Castle Age Unique Tech Andean Sling
9%
Imperial Unique Tech Silk Road
9%
Imperial Unique Tech Druzhina
9%
Imperial Unique Tech Hauberk
9%
Imperial Unique Tech Howdah
9%
Castle Age Unique Tech Szlachta Privileges
9%
Castle Age Unique Tech Tigui
9%
Imperial Unique Tech Double Crossbow
8%
Imperial Unique Tech Fereters
8%
Castle Age Unique Tech First Crusade
8%
Imperial Unique Tech Forced Levy
8%
Imperial Unique Tech Recurve Bow
8%
Imperial Unique Tech Shatagni
8%
Imperial Unique Tech Tower Shields
8%
Imperial Unique Tech Bogsveigar
6%
Castle Age Unique Tech Carrack
6%
Castle Age Unique Tech Detinets
6%
Unique Unit Elite Hussite Wageon
6%
Castle Age Unique Tech Eupseong
6%
Unique Unit Hussite Wageon
6%
Castle Age Unique Tech Kamandaran
6%
Castle Age Unique Tech Tusk Swords
6%
Castle Age Unique Tech Cilician Fleet
4%
Imperial Unique Tech Shinkichon
4%
Imperial Unique Tech Mahayana
4%
Castle Age Unique Tech Marauders
4%
Castle Age Unique Tech Silk Armor
4%
Castle Age Unique Tech Sipahi
4%
Castle Age Unique Tech Steppe Husbandry
4%
Castle Age Unique Tech Svan Towers
4%
Castle Age Unique Tech Thalassocracy
4%
Imperial Unique Tech Aznauri Cavalry
2%
Castle Age Unique Tech Bimaristan
2%
Castle Age Unique Tech Chartas
2%
Imperial Unique Tech Comitatenses
2%
Castle Age Unique Tech Corvinian Army
2%
Imperial Unique Tech Frontier Guards
2%
Castle Age Unique Tech Grand Trunk Road
2%
Imperial Unique Tech Lechitic Legacy
2%
Castle Age Unique Tech Medical Corps
2%
Castle Age Unique Tech Paiks
2%
Castle Age Unique Tech Stirrups
2%
Imperial Unique Tech Cuman Mercinaries
0%
Castle Age Unique Tech Hul'che Javalineers
0%
Castle Age Unique Tech Kshatriyas
0%
No matching quizzes found
Score Distribution
Percent of People with Each Score
Percentile by Number Answered
Your Score History
You have not taken this quiz